Größte Metropolregionen Österreichs - Statistiken

Allgemein
  • Dieses Quiz wurde 47 mal gespielt
  • Das Durchschnittsergebnis liegt bei 8 aus 10
Antwortstatistiken
Einwohnerzahl Metropolregionen % Korrekt
2.340.035 Wien
100%
364.431 Graz
98%
232.544 Innsbruck
98%
234.275 Salzburg
96%
278.663 Linz
94%
118.977 Klagenfurt
85%
171.206 Bregenz
72%
93.578 Wels
62%
73.113 Wiener Neustadt
60%
118.264 Feldkirch
38%
Keine übereinstimmenden Quizze gefunden
Verteilung der Resultate
Anzahl Personen mit jedem Resultat
Perzentil nach korrekt beantworteten Fragen
Ihre Resultats-Entwicklung
Sie haben dieses Quiz noch nicht gespielt